000 00407nam a2200169Ia 4500
001 9013
003 IN-NITTTR
005 20251114233043.0
008 251113s9999||||xx |||||||||||||| ||eng||
040 _beng
040 _cIN-NITTTR
041 _aeng
082 _a658.562 E79Q
100 _aEnrick, Norbert Lloyd
245 0 _aQuality control and reliability /
_cEnrick, Norbert Lloyd
942 _2ddc
_cBK
999 _c11650
_d11650